000 00723nam a2200241Ia 4500
003 OSt
005 20220925222321.0
006 a|||||r|||| 00| 0
007 ta
008 220923b |||||||| |||| 00| 0 eng d
037 _cGeneral Book
040 _aRTL
_cRTL
_beng
041 _2eng
_aeng
082 _aV43.N7, L1
100 _aSteinberg David Joel Ed.
_9287556
245 0 _aIn search of Southeast Asia
_b A modern history
260 _aLondon
_bPall Mall
_c1971
300 _axii, 522p
_ccm.
500 _aBibliography: P 439-98; Appendix: P 415-18
650 _aSouth East Asia History
_928132
942 _hV43.N7, L1
_cGB
_2CC
999 _c576695
_d576695